000 00468nam a2200181Ia 4500
005 20250508163256.0
008 008 250505s9999 xx 000 0 eng d
037 _aTextual
040 _aFEDL
_beng
_cFEDL
041 _aeng
_2eng
084 _aF, TUR
_qFEDL
100 _aTurgenev Ivan
245 0 _aRudin: A nest of the gentry
260 _aMoscow
_bRaduga Publishers
_c1985
300 _a319p
942 _cTEXL
_hF, TUR
999 _c1381967
_d1381967